[Event "HUN-ch Rapid 2020"]
[Site "Ajka"]
[Date "2020.07.17"]
[Round "1.23"]
[White "Kantor, Gergely"]
[Black "Geher, Koppany"]
[Result "1/2-1/2"]
[WhiteElo "2530"]
[BlackElo "2295"]
[Annotator "TA"]
[PlyCount "96"]
[EventDate "2020.07.17"]
[EventType "rapid"]
[EventCountry "HUN"]
[SourceTitle "playchess.com"]
[Source "ChessBase"]
[SourceQuality "1"]

{[%evp 10,96,25,25,30,18,63,58,80,64,60,61,79,69,83,63,57,50,44,45,95,95,90,16,19,18,17,0,43,43,60,0,0,0,0,0,0,0,0,0,0,0,0,0,0,0,0,0,0,-5,0,0,0,0,33,0,87,68,62,0,15,0,0,-17,-31,-267,-57,-249,0,-26,-30,-70,-12,-12,-11,-14,0,0,0,0,0,0,0,0,0,0,0,0,0]} 1. d4 d5 2. c4 dxc4 3. e4 e5 4. Nf3 Bb4+ 5. Nc3 exd4 6. Nxd4 Ne7 {D20: Queen's Gambit Accepted: 3 e3 and 3 e4.} 7. Bf4 a6 8. Bxc4 {[#]} Nbc6 $146 {White is slightly better.} ({Predecessor:} 8... O-O 9. a4 c5 10. Nb3 Nbc6 11. O-O Nd4 12. Bg5 Bxc3 13. bxc3 Nxb3 14. Qxb3 Qc7 15. f4 Nc6 16. Bd5 Na5 17. Qd1 Be6 18. Bxe6 fxe6 19. Qg4 Rae8 20. Rad1 {½-½ (20) Toniutti,E (2269)-Mussanti,D (2362) La Cumbre 2019}) 9. Nxc6 Nxc6 10. Qxd8+ Nxd8 11. Bxc7 Be6 12. Bxe6 Nxe6 13. Bb6 Rc8 14. Rc1 Ke7 15. Ke2 {[#] Strongly threatening Nd5+.} Bxc3 16. bxc3 (16. Rxc3 $16 Rxc3 17. bxc3) 16... Rc6 $11 17. Ba5 Rhc8 18. Rhd1 Ke8 (18... b6 $5 19. Bb4+ $8 Ke8 $11) 19. Rb1 Nc5 20. Rd4 (20. Rd5 $14) 20... b5 $1 21. Rbd1 Nb7 22. Bb4 a5 23. Ba3 Rxc3 24. Bb2 Rc2+ 25. R1d2 f6 26. g4 R8c4 {Hoping for ...Rxb2!} 27. Rxc4 Rxc4 {[%mdl 4096] Endgame KRB-KRN} 28. f3 Ke7 29. h4 Nc5 30. Ke3 Na4 31. Bd4 b4 32. g5 Nc3 (32... Nc5 $11) 33. gxf6+ gxf6 34. Rg2 (34. Rc2 $1 $14) 34... Kf7 35. h5 Nb5 36. Bb6 a4 37. h6 $2 (37. Ba5 $15) 37... b3 $2 (37... Rc3+ $19 38. Kf4 b3) 38. axb3 $2 {[#]} ({Only move:} 38. Ba5 $1 $15) 38... axb3 $2 ({Better is} 38... Rc3+ $1 $19 39. Kf4 axb3) 39. Rb2 Rc3+ 40. Kd2 Rxf3 (40... Ke6 $1 $15) 41. Be3 $1 {The position is equal.} Nd6 42. Rxb3 Nc4+ 43. Ke2 Rxe3+ 44. Rxe3 Nxe3 45. Kxe3 Kg6 46. Kf4 Kxh6 {And now ...Kg6 would win.} 47. Kf5 Kg7 48. e5 fxe5 {Accuracy: White = 71%, Black = 72%.} 1/2-1/2

[Event "HUN-ch Rapid 2020"]
[Site "Ajka"]
[Date "2020.07.17"]
[Round "1.24"]
[White "Palczert, Botond"]
[Black "Fancsy, Imre"]
[Result "0-1"]
[WhiteElo "2082"]
[BlackElo "2352"]
[Annotator "TA"]
[PlyCount "28"]
[EventDate "2020.07.17"]
[EventType "rapid"]
[EventCountry "HUN"]
[SourceTitle "playchess.com"]
[Source "ChessBase"]
[SourceQuality "1"]

{[%evp 20,24,14,12,15,-385,-388]} 1. d4 d5 2. c4 dxc4 3. e3 a6 4. Bxc4 e6 5. Nf3 c5 6. O-O Nf6 7. a4 Nc6 8. Nc3 Be7 9. dxc5 Qc7 10. Qe2 Bxc5 11. e4 {11.Bd2 might become the main line.} Ng4 {[#] ...Nd4 is the strong threat. D27: Queen's Gambit Accepted: Classical main line: 7 e4!? and 7 a4.} 12. h3 $2 {[%mdl 8192]} (12. g3 $1 $11) 12... Nd4 {[#]} {Predecessor:} 13. hxg4 $146 Nxe2+ 14. Bxe2 b6 {0-1 (14) Dornbusch,T (2269)-Belenkaya,D (2302) Monaco 2019} 0-1

[Event "HUN-ch Rapid 2020"]
[Site "Ajka"]
[Date "2020.07.17"]
[Round "1.25"]
[White "Meszaros, Tamas"]
[Black "Purak, Zoltan"]
[Result "1-0"]
[WhiteElo "2378"]
[BlackElo "1844"]
[Annotator "TA"]
[PlyCount "44"]
[EventDate "2020.07.17"]
[EventType "rapid"]
[EventCountry "HUN"]
[SourceTitle "playchess.com"]
[Source "ChessBase"]
[SourceQuality "1"]

{[%evp 13,44,0,43,35,46,35,99,101,132,104,115,88,133,118,137,129,148,141,439,146,418,401,397,392,401,386,362,109,100,16,139,127,136]} 1. e4 c6 2. d4 d5 3. e5 Bf5 4. Nf3 e6 5. Be2 c5 6. Be3 Nc6 7. O-O Qb6 8. Nc3 {Threatens to win with dxc5. B12: Caro-Kann: Advance Variation.} c4 9. b3 cxb3 ({Black should try} 9... Qa5 $14 10. Bd2 Bb4) 10. axb3 $16 a6 {[#]} 11. Nh4 $146 ({Predecessor:} 11. Na4 Qd8 12. c4 Bb4 13. Nb2 Nge7 14. Nd3 dxc4 15. bxc4 O-O 16. Qb3 Bxd3 17. Bxd3 {1-0 (57) Marjanovics,G (1949)-Balatoni,G (1985) Hungary 2007}) 11... Bg6 12. f4 {Hoping for f5.} Be7 13. Nxg6 hxg6 14. Na4 $36 {[%mdl 2048] White is in control.} Qa5 15. c4 b5 $2 {[%mdl 8192] [#]} (15... Qd8 $16 16. Qd3 Bf8) 16. Nc5 $2 (16. cxb5 $18 {has better winning chances.} Nb4 17. bxa6) 16... Qd8 $2 {[%mdl 8192]} (16... Qc3 $16 {keeps fighting.} 17. Rf3 Bxc5 18. dxc5 dxc4) 17. cxb5 Bxc5 18. dxc5 axb5 19. Bxb5 Nge7 20. f5 $2 (20. b4 $18 {is the precise move to win.}) 20... gxf5 {[#]} 21. Bg5 (21. b4 $1 $16) 21... Rxa1 (21... Qc8 $1 $11) 22. Qxa1 Qc8 {Accuracy: White = 37%, Black = 36%.} 1-0

[Event "HUN-ch Rapid 2020"]
[Site "Ajka"]
[Date "2020.07.17"]
[Round "2.1"]
[White "Kovacs, Klara"]
[Black "Berkes, Ferenc"]
[Result "0-1"]
[WhiteElo "2154"]
[BlackElo "2661"]
[Annotator "TA"]
[PlyCount "96"]
[EventDate "2020.07.17"]
[EventType "rapid"]
[EventCountry "HUN"]
[SourceTitle "playchess.com"]
[Source "ChessBase"]
[SourceQuality "1"]

{[%evp 14,96,6,-38,-33,-45,-37,-33,-16,-94,-98,-107,-106,-111,-110,-110,-104,-123,-105,-109,-110,-110,-83,-106,-114,-128,-120,-120,-117,-117,-114,-115,-113,-123,-110,-107,-94,-106,-117,-109,-66,-84,-64,-97,-80,-117,-67,-69,-58,-60,-64,-80,-75,-78,-73,-133,-140,-164,-171,-170,-169,-205,-191,-238,-213,-260,-252,-268,-266,-273,-264,-268,-234,-233,-232,-239,-232,-240,-233,-258,-248,-260,-253,-758,-725]} 1. Nf3 d5 2. g3 Nd7 3. Bg2 e5 4. d3 Ngf6 5. O-O c6 6. Nbd2 Bd6 7. e4 O-O 8. Qe2 Re8 {B10: Caro-Kann: 2 d3 and 2 c4.} 9. Rd1 Nf8 {[#]} 10. h3 $146 ({Predecessor:} 10. Nf1 d4 11. Nh4 g6 12. h3 Nh5 13. Nh2 Be7 14. N4f3 Bf6 15. Ng4 Bg7 16. Nh6+ Bxh6 17. Bxh6 {½-½ (40) Konarkowska Sokolov,H-Asenova,V Split 1963}) 10... Ng6 {Black is slightly better.} 11. c4 {[#]} (11. exd5 $11 cxd5 12. c4) 11... d4 $1 $17 12. Nf1 a5 13. Bg5 h6 14. Bxf6 Qxf6 15. Rdc1 a4 16. c5 Bf8 17. h4 Ra5 18. h5 Nh8 19. Qd2 Rxc5 20. Rxc5 Bxc5 21. Qc2 Bf8 22. Qxa4 Bg4 23. N1d2 Bxh5 24. Qb3 Re7 25. a4 Bg4 26. a5 Bc8 27. Qc2 Ng6 28. b4 Re8 29. Rb1 Bd7 30. Nc4 Rd8 31. Nb6 Be8 32. Na4 {White is on the road to losing.} h5 33. Nc5 Rb8 34. Qc4 (34. Nd2 $142) 34... h4 35. Nxh4 Nxh4 36. gxh4 Qxh4 37. Qc2 g6 38. Qe2 Bd6 39. Qf3 Qe7 40. Rc1 b6 41. Na4 {[%cal Bc5a4,Ba4b6,Bb6c4][%mdl 32]} bxa5 42. bxa5 Ra8 43. Nb6 Rxa5 44. Nc4 Ra8 45. Rb1 Bc7 46. Bh3 c5 47. Kg2 Kg7 48. Nb6 $2 {[#]} (48. Qg3) 48... Rb8 {Accuracy: White = 74%, Black = 88%.} 0-1

[Event "HUN-ch Rapid 2020"]
[Site "Ajka"]
[Date "2020.07.17"]
[Round "2.2"]
[White "Almasi, Zoltan"]
[Black "Balint, Vilmos"]
[Result "1-0"]
[WhiteElo "2687"]
[BlackElo "2143"]
[Annotator "TA"]
[PlyCount "99"]
[EventDate "2020.07.17"]
[EventType "rapid"]
[EventCountry "HUN"]
[SourceTitle "playchess.com"]
[Source "ChessBase"]
[SourceQuality "1"]

{[%evp 15,99,32,74,74,72,45,89,93,79,85,80,75,65,60,84,58,85,72,107,115,113,101,112,100,122,81,74,71,66,57,74,56,66,64,73,82,75,67,66,64,60,62,68,52,50,52,58,55,63,50,53,53,52,56,61,63,66,36,44,31,35,9,9,11,132,133,496,484,1065,838,816,810,1477,1025,952,953,953,947,29989,29990,29990,29991,29991,29992,29992,29993]} 1. Nf3 Nf6 2. c4 c5 3. Nc3 g6 4. g3 Bg7 5. Bg2 O-O 6. O-O Nc6 7. d4 cxd4 8. Nxd4 Rb8 {8...Qa5 is setting a new trend.} 9. Bf4 {[#] Strongly threatening Nxc6. A39: Symmetrical English vs ...g6: 4 Bg2 Bg7 5 Nf3 Nf6 6 0-0 0-0 7 d4.} Ra8 10. Rc1 $5 {[%mdl 4] Leaves trodden paths.} Nxd4 11. Qxd4 {[#] White is better.} d6 $146 {White must now prevent ...e5.} ({Predecessor:} 11... Nh5 12. Qd2 Nxf4 13. Qxf4 d6 14. Rfd1 Rb8 15. b3 Bd7 16. Rd5 b5 17. cxb5 Rxb5 {½-½ (25) Zikan,K-Krc,M Brno 2000}) 12. Qd2 Be6 13. b3 Qd7 14. Rfd1 Rfd8 15. Qe3 Nh5 16. Bg5 f6 17. Bh6 Bxh6 18. Qxh6 Rac8 19. Qe3 b6 20. Nb5 Ng7 21. a4 Rc5 22. Ra1 Nf5 23. Qe4 a6 24. Nc3 Bf7 25. Qd3 Kg7 26. Ne4 Rc7 27. a5 Rb8 28. axb6 Rxb6 29. Ra5 Qc8 30. Rda1 Be6 31. Nd2 Rc5 32. R5a3 h5 33. h4 Nh6 34. Ne4 Bf5 {Black wants to play ...d5!} 35. Qd4 Bxe4 36. Qxe4 Re5 $1 {[%cal Re5e4]} 37. Qd4 Qb8 38. Qd3 Ng4 39. Bd5 e6 (39... f5 $11) 40. Bf3 $16 f5 $2 {[%mdl 8192] Loses the game.} (40... a5 $16) 41. Rxa6 $18 Rxb3 (41... Rxa6 $142 42. Rxa6 Qb4) 42. Ra7+ Kf6 43. Qd2 {[%csl Gh4][%cal Rd2g5]} f4 44. Bxg4 hxg4 45. Qxf4+ Rf5 46. Qd4+ e5 47. Qd5 {[%csl Ga7][%cal Rd5f7] White mates.} Rb1+ 48. Kg2 {[%csl Ga7][%cal Rd5f7]} Rxf2+ 49. Kxf2 {[%csl Ga7][%cal Rd5f7]} Qb6+ {[#]} 50. c5 $1 {Accuracy: White = 85%, Black = 64%.} 1-0

[Event "HUN-ch Rapid 2020"]
[Site "Ajka"]
[Date "2020.07.17"]
[Round "2.3"]
[White "Rigo, Janos"]
[Black "Balogh, Csaba"]
[Result "0-1"]
[WhiteElo "2238"]
[BlackElo "2580"]
[Annotator "TA"]
[PlyCount "53"]
[EventDate "2020.07.17"]
[EventType "rapid"]
[EventCountry "HUN"]
[SourceTitle "playchess.com"]
[Source "ChessBase"]
[SourceQuality "1"]

{[%evp 15,53,32,32,29,52,2,8,0,11,0,11,-26,-14,-112,-42,-38,-39,-114,-104,-158,-158,-159,-159,-159,-166,-231,-237,-224,-216,-251,-254,-258,-237,-236,-234,-214,-224,-504,-491,-765]} 1. e4 c5 2. Nf3 e6 3. d4 cxd4 4. Nxd4 a6 5. Nc3 b5 6. Bd3 Bb7 7. O-O Nc6 8. Nxc6 Bxc6 9. Re1 {B43: Sicilian: Kan Variation: 5 Nc3.} Bc5 10. Qf3 Ne7 11. Qg3 {[#] The position is equal.} Ng6 $146 ({Predecessor:} 11... O-O 12. e5 f5 13. exf6 Rxf6 14. Be3 Bxe3 15. Qxe3 Nf5 16. Bxf5 Rxf5 17. Ne2 Qg5 18. Qxg5 Rxg5 {0-1 (73) Petrosian,T (2600)-Vachier Lagrave,M (2684) Paris 2009}) 12. Bg5 f6 13. Bd2 (13. Be3 $5 {[%cal Re3c5]} Bb4 14. a3 Bxc3 15. bxc3 $11) 13... O-O 14. h4 {[#]} (14. a3 $11) 14... Qb8 (14... f5 $1 $17 {[%cal Rf5e4] ...fxe4 is the strong threat.} 15. exf5 Nxh4) 15. Qxb8 $15 Raxb8 16. g3 (16. h5 $15 Ne5 17. Be3 Bxe3 18. Rxe3) 16... Ne5 $36 {[%mdl 2048] Threatens to win with ...Nf3+. Black is in control.} 17. Be3 (17. Kg2 $142) 17... Nf3+ 18. Kf1 Nxe1 19. Bxc5 Nxd3 20. Bxf8 (20. cxd3 {was worth a try.} Rfc8 21. a3) 20... Nxb2 $19 ({Weaker is} 20... Kxf8 21. cxd3 b4 22. Nd1 $11) 21. Bd6 Rc8 22. f3 Bb7 23. Bb4 a5 24. Bxa5 {[#]} Nc4 $1 {[%cal Rc4a5]} 25. Bb4 Ne3+ {[%mdl 64] Double Attack} 26. Kf2 $2 (26. Kg1 {is the only way for White.} Nxc2 {[%mdl 64] Double Attack} 27. Rb1) 26... Nxc2 {[%mdl 64] Double Attack} 27. Ba5 {Accuracy: White = 42%, Black = 90%.} (27. Rd1 $142 Nxb4 28. Rxd7) 0-1

[Event "HUN-ch Rapid 2020"]
[Site "Ajka"]
[Date "2020.07.17"]
[Round "2.4"]
[White "Balog, Imre"]
[Black "Terbe, Julianna"]
[Result "1-0"]
[WhiteElo "2567"]
[BlackElo "2273"]
[Annotator "TA"]
[PlyCount "61"]
[EventDate "2020.07.17"]
[EventType "rapid"]
[EventCountry "HUN"]
[SourceTitle "playchess.com"]
[Source "ChessBase"]
[SourceQuality "1"]

{[%evp 21,61,25,20,-7,37,8,11,17,17,16,0,-15,-24,-35,0,12,159,170,168,176,162,114,123,29,553,566,548,532,725,545,533,524,693,597,885,657,608,441,416,408,497,484]} 1. d4 d5 2. Nf3 Nf6 3. c4 c6 4. Nc3 dxc4 5. a4 Bf5 6. Ne5 Nbd7 7. Nxc4 Qc7 8. g3 e5 9. dxe5 Nxe5 10. Bf4 Nfd7 11. Bg2 f6 12. a5 {D17: Slav Defence: 5 a4 Bf5: Lines with 6 Nh4 and 6 Ne5.} Rd8 13. Nxe5 Nxe5 14. Qb3 {The position is equal.} a6 15. Bxe5 fxe5 {[#]} 16. Be4 $146 ({Predecessor:} 16. O-O g6 17. Rfc1 Rd4 18. Nd5 Qd8 19. Qxb7 cxd5 20. Rc7 Bd6 21. Rg7 Qf6 22. Qxa6 {½-½ (60) Kopasov,E (2101)-Sacerdotali,S (2056) LSS email 2013}) 16... Bh3 17. Bd3 Bc5 18. Ne4 Bg2 (18... Ba7 $11 {keeps the balance.}) 19. Nxc5 $16 Bxh1 20. f3 {aiming for Ne6.} Rd5 21. Ne4 Bg2 {[#]} 22. Bc4 ({Better is} 22. Rc1 $1 $16 {Threatens to win with Qxd5!} Rd4 23. Kf2) 22... Rxa5 $2 {[%mdl 8192] Loses the game.} (22... Rd4 $11) 23. Rd1 $18 Bh3 24. g4 ({Less strong is} 24. Nd6+ Ke7 $18) 24... Rf8 25. Nd6+ Ke7 26. Nxb7 Rb8 27. Qb4+ {[%mdl 64] [#] Double Attack} c5 28. Qxa5 Rxb7 29. Qxc7+ Rxc7 30. Kf2 h5 31. Kg3 {Accuracy: White = 62%, Black = 31%.} 1-0

[Event "HUN-ch Rapid 2020"]
[Site "Ajka"]
[Date "2020.07.17"]
[Round "2.5"]
[White "Gelle, Istvan"]
[Black "Banusz, Tamas"]
[Result "0-1"]
[WhiteElo "2301"]
[BlackElo "2628"]
[Annotator "TA"]
[PlyCount "100"]
[EventDate "2020.07.17"]
[EventType "rapid"]
[EventCountry "HUN"]
[SourceTitle "playchess.com"]
[Source "ChessBase"]
[SourceQuality "1"]

{[%evp 11,100,0,0,-7,0,-19,6,6,18,26,25,25,28,23,25,26,33,6,14,0,7,0,16,0,37,40,64,58,56,7,7,0,15,0,159,118,251,0,15,10,13,13,15,8,0,0,18,-23,-18,-16,-5,-47,-23,-24,-16,-40,0,0,0,0,0,0,0,0,0,-45,-52,-50,-22,-41,-47,-133,-132,-122,-11,-17,-23,-158,-126,-203,-195,-185,-146,-372,-300,-664,-292,-522,-327,-12835,-10654]} 1. d4 d5 2. Bf4 Nf6 3. e3 c5 4. c3 Nc6 5. Nd2 Bf5 6. Ngf3 e6 {6...e6 scores better than 6...Qb6.} 7. Qa4 {D00: 1 d4 d5: Unusual lines.} Nd7 8. Bb5 (8. Qb3 $5 {[%cal Rb3b7]} Na5 9. Qa4 $11) 8... Qc8 9. Nh4 {[#] The position is equal.} Bg4 $146 ({Predecessor:} 9... Bg6 10. Nxg6 hxg6 11. Bg3 Be7 12. Nf3 a6 13. Bd3 c4 14. Bb1 b5 15. Qd1 f5 {0-1 (39) Paehtz,E (2473)-Fridman,D (2615) Playchess.com INT 2020}) 10. h3 Bh5 11. g4 Bg6 12. Nxg6 hxg6 13. Kf1 Nb6 14. Bxc6+ Qxc6 15. Qxc6+ bxc6 16. Kg2 Na4 17. Rab1 Kd7 18. Rhc1 $36 {[%mdl 2048] Black is under pressure.} a5 19. b3 Nb6 20. c4 {aiming for dxc5.} cxd4 21. exd4 Ba3 22. Rc2 Bb4 $2 {[#]} (22... Nc8 $11) 23. Nf3 {c5 is the strong threat.} f6 (23... Ke7 $16) 24. Ne1 $2 (24. c5 $18) 24... Bxe1 $11 25. Rxe1 g5 26. Bg3 Ra7 27. f4 gxf4 28. Bxf4 a4 29. Rb1 (29. c5 $5 {[%cal Rc5b6]} Nc8 30. Re3 $11) 29... axb3 30. axb3 Re8 31. Bd2 Rb8 32. Bf4 Rbb7 33. Re1 dxc4 34. bxc4 Na4 35. Ree2 Rb4 36. Bd2 Rb2 37. Be1 Rab7 38. d5 cxd5 39. cxd5 e5 40. Rxb2 Nxb2 {[%mdl 4096] Endgame KRB-KRN} 41. g5 (41. Kf3 $15) 41... Nd3 $17 42. Bg3 Rb5 ({Black should play} 42... Kd6 $17 43. Re3 Nc5) 43. Ra2 $11 f5 {[#] Strongly threatening ...f4.} 44. Ra7+ (44. Ra3 $1 $11 Rxd5 45. Ra7+ Ke6 46. Rxg7) 44... Kd6 $17 {White must now prevent ...f4.} 45. Rxg7 f4 {Threatens to win with ...Rb2+.} 46. Bh4 Kxd5 47. g6 $2 (47. Kf3 $17 {was worth a try.}) 47... Ke4 $19 48. Rd7 $2 (48. Ra7 Rb2+ 49. Kg1) 48... Rb2+ (48... f3+ $142 49. Kg1 (49. Kg3 $2 Rb2 $19) 49... Rb1+ 50. Kh2 Rb2+ 51. Kh1 Nf4) 49. Kh1 $2 (49. Kg1 f3 50. g7 Rg2+ 51. Kf1) 49... f3 50. g7 $2 (50. Ra7 Nf4 51. g7) 50... Rg2 {What a bad dream for White. Accuracy: White = 51%, Black = 66%.} 0-1

[Event "HUN-ch Rapid 2020"]
[Site "Ajka"]
[Date "2020.07.17"]
[Round "2.6"]
[White "Papp, Gabor"]
[Black "Karacsonyi, Gellert"]
[Result "1-0"]
[WhiteElo "2602"]
[BlackElo "2292"]
[Annotator "TA"]
[PlyCount "71"]
[EventDate "2020.07.17"]
[EventType "rapid"]
[EventCountry "HUN"]
[SourceTitle "playchess.com"]
[Source "ChessBase"]
[SourceQuality "1"]

{[%evp 22,71,4,-9,-12,-8,0,0,7,18,26,14,10,16,18,27,113,104,108,108,89,100,229,225,238,224,308,312,297,296,306,307,296,299,289,162,206,209,204,187,241,230,222,220,229,215,274,271,761,741,860,786]} 1. Nf3 Nf6 2. g3 d5 3. Bg2 e6 4. O-O Be7 5. b3 O-O 6. c4 c5 7. e3 b6 8. cxd5 Nxd5 9. Bb2 Bb7 10. d4 cxd4 11. Nxd4 Nc6 12. Nd2 {[%cal Bb1d2,Bd2c4,Bc4d6][%mdl 32]} Nxd4 {A14: English Opening: 1...e6 with b3 by White.} 13. Bxd4 Bf6 14. Nc4 Bxd4 {The position is equal.} 15. Qxd4 Qe7 {[#]} 16. e4 $146 ({Predecessor:} 16. Rfd1 Rfd8 17. Qb2 Rac8 18. Rd4 Rc5 19. Rad1 Rdc8 20. e4 b5 21. exd5 bxc4 22. dxe6 fxe6 {0-1 (47) Edelbi,A-Jouni,H (1759) Beirut 2017}) 16... Nb4 17. Qd6 Qxd6 18. Nxd6 Bc6 (18... Ba6 $11 {remains equal.}) 19. Rfd1 $1 $16 Rad8 20. a3 $1 $36 {[%cal Ra3b4][%mdl 2048] Black is under strong pressure.} Na6 21. Rac1 Bd5 (21... Nb8 $16) 22. Nxf7 $1 $18 ({Resist} 22. exd5 $6 Rxd6 23. dxe6 Rxd1+ 24. Rxd1 fxe6 $16) 22... Rxf7 23. exd5 e5 24. d6 Rfd7 25. b4 Kf7 26. Bf1 Nb8 27. Rc7 Kf6 28. Rxd7 (28. Bh3 $142) 28... Rxd7 {[%mdl 4096] Endgame KRB-KRN} 29. Bh3 Rd8 30. Rd3 Nc6 (30... g5 {was worth a try.} 31. f3 Nd7) 31. Rf3+ Kg6 {[#]} 32. d7 $1 {Strongly threatening Rc3.} Nd4 33. Re3 Kf6 {[#]} 34. f4 $1 exf4 $2 (34... Kf7 35. fxe5 Ne6) 35. Re8 Nc6 36. Re6+ {Black got outplayed after the opening. Accuracy: White = 88%, Black = 49%.} 1-0

[Event "HUN-ch Rapid 2020"]
[Site "Ajka"]
[Date "2020.07.17"]
[Round "2.7"]
[White "Csati, Oliver"]
[Black "Erdos, Viktor"]
[Result "0-1"]
[WhiteElo "2256"]
[BlackElo "2618"]
[Annotator "TA"]
[PlyCount "72"]
[EventDate "2020.07.17"]
[EventType "rapid"]
[EventCountry "HUN"]
[SourceTitle "playchess.com"]
[Source "ChessBase"]
[SourceQuality "1"]

{[%evp 12,72,16,0,55,47,57,22,27,29,29,0,0,0,0,0,-1,-9,0,0,0,-64,-62,-54,-64,-68,-48,-145,-153,-156,-151,-160,-156,-166,-161,-161,-150,-153,-147,-154,-143,-151,-133,-324,-324,-297,-266,-231,-245,-265,-220,-199,-213,-631,-618,-599,-573,-560,-531,-1618,-1505,-1354,-1264]} 1. e4 e5 2. Nf3 Nc6 3. d4 exd4 4. Nxd4 Qf6 5. Be3 Bc5 6. c3 Nge7 7. Be2 {7.Bb5 is a critical line.} b6 {C45: Scotch Game.} (7... d5 $11) 8. O-O $14 O-O 9. Nxc6 Qxc6 {The position is equal.} 10. Bxc5 Qxc5 11. Qd4 Qxd4 12. cxd4 {[#]} d5 $146 ({Predecessor:} 12... Bb7 13. Nc3 d5 14. f3 Rad8 15. Rfd1 f5 16. e5 c5 17. f4 a6 18. Na4 cxd4 19. Rxd4 {1-0 (35) Ozbakir,A (1768)-Karatas,M Antalya 2013}) 13. exd5 Nxd5 14. Bf3 Bb7 15. Re1 Rae8 {[%cal Re8e1] [#]} 16. Nc3 (16. Na3 $11) 16... Nxc3 $1 $15 17. bxc3 Bxf3 18. gxf3 Re6 19. Rxe6 (19. d5 $15 Rd6 20. c4) 19... fxe6 {[%mdl 4096] Endgame KR-KR} 20. Kg2 Rf5 21. Re1 Kf7 22. h4 Ra5 23. Re2 Ra3 24. Rc2 Kf6 25. Kg3 Kf5 26. c4 Rd3 27. c5 $2 {[#] White does not recover from this.} (27. d5 $17 {was forced.}) 27... b5 $1 $19 ({Inferior is} 27... Rxd4 28. cxb6 cxb6 29. Rc7 $15) 28. Rb2 a6 ({Stronger than} 28... Rxd4 29. Rxb5 Ra4 30. Rb7 $11) 29. a4 bxa4 {[%cal Bb5a4,Ba4a3][%mdl 32]} 30. Rb4 a3 31. Ra4 e5 32. dxe5 $2 (32. d5) 32... Kxe5 {Black is clearly winning.} 33. Rxa6 Kd5 34. c6 Kc5 35. Kg4 Kb5 36. Ra8 Rd4+ {Accuracy: White = 58%, Black = 95%.} 0-1

[Event "HUN-ch Rapid 2020"]
[Site "Ajka"]
[Date "2020.07.17"]
[Round "2.8"]
[White "Antal, Gergely"]
[Black "Borhy, Marcell"]
[Result "1-0"]
[WhiteElo "2571"]
[BlackElo "2311"]
[Annotator "TA"]
[PlyCount "73"]
[EventDate "2020.07.17"]
[EventType "rapid"]
[EventCountry "HUN"]
[SourceTitle "playchess.com"]
[Source "ChessBase"]
[SourceQuality "1"]

{[%evp 10,73,44,39,44,29,46,34,35,12,29,29,38,3,8,7,29,22,26,20,32,8,0,0,0,12,60,8,24,23,77,79,87,80,164,300,299,292,500,301,301,301,301,301,299,264,184,207,427,456,700,700,682,652,622,590,1029,1010,924,925,916,885,1082,1065,979,929]} 1. e4 d6 2. d4 Nf6 3. Nc3 e5 4. dxe5 dxe5 5. Qxd8+ Kxd8 6. Bc4 Ke8 {B07: Pirc Defence: Miscellaneous Systems.} 7. a3 Bd6 8. Nf3 a6 {White is slightly better.} 9. h3 h6 10. Be3 b5 11. Bb3 Bb7 12. Nd2 Nbd7 {[#]} 13. O-O-O $146 ({Predecessor:} 13. f3 c6 14. O-O-O Ke7 15. Nf1 Bc5 16. Ba2 g6 17. b4 Bxe3+ 18. Nxe3 a5 19. Kb2 {0-1 (55) Sayafarova,A (1745)-Fominykh,M (2282) Moscow 2013}) 13... Ke7 14. Rhe1 Rhd8 15. g3 Kf8 16. f3 Nc5 17. Ba2 Re8 18. Nd5 ({Better is} 18. b4 $14 Ne6 19. Bxe6 Rxe6 20. Nb3) 18... Nxd5 19. Bxd5 c6 (19... Bxd5 $11 {keeps the balance.} 20. exd5 f6) 20. Nb3 $36 {[%mdl 2048] White is in control. White stays focused until the end.} Nxb3+ 21. Bxb3 Red8 (21... Be7 $16) 22. Rxd6 (22. Bb6 $142) 22... Rxd6 $18 23. Bc5 Ke7 $2 (23... Rad8 {was called for.} 24. Rd1 {[%mdl 64] Pin} Ke7) 24. Rd1 {[%mdl 64] Pin} Rad8 25. f4 $1 {[%cal Rf4e5]} (25. Bxd6+ Rxd6 26. Rxd6 Kxd6 $16) 25... f6 26. f5 a5 27. Rd2 {[%mdl 64] Pin} Ba6 {[#]} 28. h4 $1 h5 $2 {[#]} (28... Bb7 {might work better.} 29. a4 Ba6) 29. Kd1 $1 {White is clearly winning.} (29. Bxd6+ Rxd6 30. Rxd6 Kxd6 $16) 29... b4 (29... Bb7 $142 30. c3 Bc8) 30. axb4 axb4 31. Ke1 ({Inferior is} 31. Bxd6+ Rxd6 32. Rxd6 Kxd6 $11) 31... Bb5 32. Bxb4 {[%mdl 64] Pin} ({Worse is} 32. Bxd6+ Rxd6 33. Rxd6 Kxd6 $11) 32... R8d7 33. Bc5 {[%mdl 64] Pin} Rd8 34. Kf2 R8d7 35. Kf3 Rd8 36. g4 hxg4+ 37. Kxg4 {Accuracy: White = 88%, Black = 55%.} 1-0